000 00879nam a2200217Ia 4500
999 _c39494
_d39494
001 6090
003 GE_BSU
005 20190923140939.0
008 181216s1964||||ge |||||||||||||| ||geo||
040 _cGE_BSU
041 _ageo
080 _a821.353.1-32 ა-87
100 _aასათიანი, მამია
_94148
245 _aშიშველი ხმალი :
_bმოთხრობები /
_cმამია ასათიანი ; რედ. დ. მჭედლიშვილი.
264 _aთბილისი :
_bლიტერატურა და ხელოვნება ;
_c1964.
300 _a479 გვ. ;
_c20 სმ.
653 _aშიშველი ხმალი
653 _aმოთხრობები
700 _aმჭედლიშვილი, დ.
_eრედაქტორი
_94234
942 _cBK
_2udc